000 00427nam a22001697a 4500
003 MPLRDC
005 20220104124102.0
008 210129b ||||| |||| 00| 0 eng d
082 _a868.8 NDXH
100 _a南洋大学学术人员协会编选
245 _a星马小说佳作选集
_c
250 _a初版
260 _a
_b教育出版社
_c1973
300 _b
650 _a新加坡文学
942 _cBK
_o868.8 NDXH
999 _c16534
_d16524